000 01158cam a22003257a 4500
003 CHAP
005 20220329135948.0
008 971013s1945 r 00010 d
010 _a44759
011 _a45731
035 _a49870
040 _cCHAP
082 _a633.51
_bU55
100 0 0 _aUlloa Santamaría, Armando Gonzalo.
_9116057
245 1 3 _aEl cultivo del algodonero, el crédito y la organización ejidal colectiva en la Comarca Lagunera
260 _aQuito :
_bMinisterio del Tesoro,
_c1945
300 _a270 p.
_b: ilus.
590 _aBATCH-UPD
_b10
_c20130110
_lUCH01
_h0111
590 _aBATCH-UPD
_b10
_c20130110
_lUCH01
_h1325
590 _aBATCH-UPD
_b10
_c20130409
_lUCH01
_h2103
590 _aBATCH-UPD
_b10
_c20130410
_lUCH01
_h0832
590 _aBATCH-UPD
_b10
_c20130914
_lUCH01
_h0101
590 _aCONVERSION
_b10
_c20130109
_lUCH01
_h1325
650 1 4 _aAgricultura cooperativa
_xComarca Lagunera.
_91961
650 1 4 _aAlgodón
_xComarca Lagunera.
_93989
901 _aBK
942 _cLIBRO
949 _a633.51 U55
_bBC
_cLIBRO
_d-112353
_eLIBRO
_fc.2
_h22724
_i49870
_si
949 _a633.51 U55
_bBC
_cLIBRO
_d33724000597605
_eLIBRO
_h22723
_i49870
_si
999 _c44759
_d44759